| 000 | 00452nam a2200181 a 4500 | ||
|---|---|---|---|
| 001 | 0078 | ||
| 005 | 20140414131918.0 | ||
| 008 | 040728s19uu xx 00 eng d | ||
| 020 | _a0-09-176406-8 | ||
| 050 |
_aER _bOl1 1986 |
||
| 100 | _aJissey, Jane | ||
| 245 |
_aOld bear / _cJane Hissey. |
||
| 260 |
_aLondon : _bHutchinson, _c1986. |
||
| 300 | _a1 v. : ill. ; cm. | ||
| 650 |
_aBears _xFiction. |
||
| 650 | _aChildren stories. | ||
| 999 |
_c111627 _d111627 |
||